Entrepreneurship (Record no. 169252)
[ view plain ]
| 000 -LEADER | |
|---|---|
| fixed length control field | 00540nam a2200217Ia 4500 |
| 003 - CONTROL NUMBER IDENTIFIER | |
| control field | OSt |
| 005 - DATE AND TIME OF LATEST TRANSACTION | |
| control field | 20230613142747.0 |
| 008 - FIXED-LENGTH DATA ELEMENTS--GENERAL INFORMATION | |
| fixed length control field | 210423s2016 xx 000 0 und d |
| 020 ## - INTERNATIONAL STANDARD BOOK NUMBER | |
| International Standard Book Number | 978-93-5004-026-3 |
| 040 ## - CATALOGING SOURCE | |
| Transcribing agency | AL |
| 041 ## - LANGUAGE CODE | |
| Language code of text/sound track or separate title | eng |
| 082 ## - DEWEY DECIMAL CLASSIFICATION NUMBER | |
| Classification number | 658.421 |
| Edition number | 23 |
| Item number | TREE |
| 100 ## - MAIN ENTRY--PERSONAL NAME | |
| Personal name | TREHAN (Alpana) |
| 9 (RLIN) | 84131 |
| 245 ## - TITLE STATEMENT | |
| Title | Entrepreneurship |
| 260 ## - PUBLICATION, DISTRIBUTION, ETC. | |
| Place of publication, distribution, etc. | New Delhi |
| Name of publisher, distributor, etc. | Dreamtech Press |
| Date of publication, distribution, etc. | 2016 |
| 300 ## - PHYSICAL DESCRIPTION | |
| Extent | xviii,613 |
| Other physical details | PB |
| 365 ## - TRADE PRICE | |
| Price amount | 499 |
| Currency code | INR |
| 650 ## - SUBJECT ADDED ENTRY--TOPICAL TERM | |
| Topical term or geographic name entry element | Executive Management |
| 9 (RLIN) | 84132 |
| 906 ## - LOCAL DATA ELEMENT F, LDF (RLIN) | |
| a | Entrepreneurship |
| 942 ## - ADDED ENTRY ELEMENTS (KOHA) | |
| Source of classification or shelving scheme | Dewey Decimal Classification |
| Koha item type | Book |
| Withdrawn status | Lost status | Damaged status | Not for loan | Collection code | Home library | Current library | Date acquired | Source of acquisition | Cost, normal purchase price | Total Checkouts | Full call number | Barcode | Date last seen | Date last checked out | Price effective from | Koha item type |
|---|---|---|---|---|---|---|---|---|---|---|---|---|---|---|---|---|
| MCom Finance & Analytics | St Aloysius PG Library | St Aloysius PG Library | 07/17/2018 | Biblios Book Point | 499.00 | 4 | 658.421 TREE | PG015754 | 11/16/2023 | 07/19/2023 | 04/26/2021 | Book | ||||
| MCom Finance & Analytics | St Aloysius PG Library | St Aloysius PG Library | 07/17/2018 | Biblios Book Point | 499.00 | 5 | 658.421 TREE | PG015755 | 11/27/2025 | 06/23/2025 | 04/26/2021 | Book |